|
|
|
|
| LEADER |
01091nam a22002297a 4500 |
| 001 |
30650 |
| 003 |
BD-DhAAL |
| 005 |
20241124111253.0 |
| 008 |
160121s1992 bg ||||| |||| 00| 0 ben d |
| 040 |
|
|
|a BD-DhAAL
|c BD-DhAAL
|
| 082 |
|
|
|2 22
|a 307.1412095492
|
| 245 |
|
|
|a একটি উজ্জ্বল অধ্যায় :
|b (ব্র্যাকের প্রথম জাতীয় কর্মসূচীর কাহিনী) /
|
| 260 |
|
|
|a ঢাকা :
|b ব্র্যাক,
|c ১৯৯২.
|
| 300 |
|
|
|a বিবিধ পৃষ্টা ;
|c ৩০ সে. মি.
|
| 541 |
|
|
|a Complimentary copy from BRAC
|e 30650
|
| 610 |
|
|
|a BRAC
|9 17493
|
| 650 |
|
|
|a Rural development
|z Bangladesh.
|9 17494
|
| 710 |
|
|
|a BRAC
|9 17493
|
| 852 |
|
|
|a Ayesha Abed Library
|c General Stacks
|
| 942 |
|
|
|2 ddc
|c BK
|
| 999 |
|
|
|c 36657
|d 36657
|
| 952 |
|
|
|0 0
|1 0
|2 ddc
|4 0
|6 307_141209549200000_BRA
|7 1
|9 57663
|a BRACUL
|b BRACUL
|c BRS
|d 2016-01-21
|e Complementary copy from BRAC
|l 1
|o 307.1412095492 BRA
|p 3010030650
|r 2025-12-30
|s 2025-03-24
|t 1
|w 2016-01-21
|y BK
|x Complimentary copy from BRAC; Price not available in register.
|